| 000 | nam a22 a 4500 | ||
|---|---|---|---|
| 999 |
_c3098 _d3098 |
||
| 003 | AKMAL | ||
| 005 | 20170519112342.0 | ||
| 008 | 170519s2003 myb 00 eng d | ||
| 020 |
_a9832639247 (pbk.): _cRM28.00 |
||
| 039 | 9 |
_a200507071114 _bhakim |
|
| 040 |
_aAKMAL _cAKMAL |
||
| 049 | 0 | 0 | _amal |
| 082 | 0 | 4 |
_a658.3125 ABA _221 |
| 090 | 0 | 0 |
_a658.3125 _bABA |
| 090 | 2 | 0 |
_a658.3125 _bABA |
| 100 | 0 |
_aAb. Aziz Yusof _9600 |
|
| 245 | 1 | 0 |
_aPerformance appraisal : _bissues, challenges & prospects / _cAb. Aziz Yusof |
| 260 |
_aPetaling Jaya : _bPrentice Hall, _c2003 |
||
| 300 | 0 | 0 |
_avii, 253p. : _bill. ; _c23cm |
| 504 | _aBibliography: p. [235]-253 | ||
| 650 | 0 |
_aEmployees _xRating of _9601 |
|
| 650 | 0 |
_aWork measurement _96425 |
|
| 650 | 0 |
_aPerformance standards _96426 |
|
| 740 | 0 | 2 | _aPerformance appraisal: issues, challenges and prospects |
| 942 |
_2ddc _cBOOK |
||